[Event "ARG-ch sf 98th"]
[Site "Buenos Aires"]
[Date "2023.05.06"]
[Round "8"]
[White "Sobrero, Sebastian"]
[Black "Jasper, Nicolas"]
[Result "1-0"]
[WhiteElo "1987"]
[BlackElo "1751"]
[PlyCount "77"]
[EventDate "2023.04.29"]
[EventType "swiss"]
[EventRounds "9"]
[EventCountry "ARG"]
[SourceTitle "CBM 214 Extra"]
[Source "ChessBase"]
[SourceDate "2023.07.31"]
[SourceVersion "1"]
[SourceVersionDate "2023.07.31"]
[SourceQuality "1"]

1. e4 e6 2. d4 d5 3. exd5 exd5 4. Bd3 Bd6 5. Nf3 Nf6 6. 0-0 0-0 7. h3 h6 8. Be3 Re8 9. c4 dxc4 10. Bxc4 Be6 11. Bd3 Nd5 12. Nc3 Nd7 13. a3 c6 14. Bc2 Qb8 15. Qd3 N7f6 16. Rfe1 Nf4 17. Bxf4 Bxf4 18. Ne5 Rd8 19. Ng6 c5 20. d5 Bd6 21. Bb3 Bd7 22. Nh4 Re8 23. Nf5 Bf8 24. Qf3 b5 25. Nxh6+ gxh6 26. Qxf6 Bg7 27. Qf3 c4 28. Bc2 a5 29. Ne4 Ra6 30. Nc5 Ra7 31. Nxd7 Rxd7 32. Qf5 Red8 33. Rad1 Bxb2 34. Re3 Bg7 35. Rg3 f6 36. Qh7+ Kf8 37. Bf5 Rf7 38. Be6 Rdd7 39. Rxg7 1-0

[Event "ARG-ch sf 98th"]
[Site "Buenos Aires"]
[Date "2023.05.01"]
[Round "3"]
[White "Jasper, Nicolas"]
[Black "Gimenez, Jonathan"]
[Result "1-0"]
[WhiteElo "1751"]
[BlackElo "1210"]
[PlyCount "151"]
[EventDate "2023.04.29"]
[EventType "swiss"]
[EventRounds "9"]
[EventCountry "ARG"]
[SourceTitle "CBM 214 Extra"]
[Source "ChessBase"]
[SourceDate "2023.07.31"]
[SourceVersion "1"]
[SourceVersionDate "2023.07.31"]
[SourceQuality "1"]

1. d4 d5 2. Nf3 e6 3. e3 c5 4. c3 Nf6 5. Nbd2 Nbd7 6. Bd3 c4 7. Bc2 g6 8. 0-0 Bg7 9. e4 dxe4 10. Nxe4 Nxe4 11. Bxe4 Nf6 12. Bc2 0-0 13. Ne5 Nd7 14. Nxc4 b6 15. Be4 Rb8 16. Bf4 e5 17. dxe5 Ba6 18. Bd3 Nxe5 19. Nxe5 Bxe5 20. Bxe5 Qxd3 21. Qxd3 Bxd3 22. Bxb8 Bxf1 23. Bxa7 Bd3 24. Rd1 Re8 25. h3 Bc2 26. Rd2 Bb1 27. Bxb6 Bxa2 28. Rd8 Rxd8 29. Bxd8 Kf8 30. Kf1 Ke8 31. Bf6 Kd7 32. b4 Ke6 33. Bd4 Bc4+ 34. Ke1 Kd5 35. f3 h5 36. Kf2 f5 37. g3 g5 38. Ke3 g4 39. fxg4 fxg4 40. hxg4 hxg4 41. Kf4 Be2 42. b5 Bxb5 43. Kxg4 Ke4 44. Kh4 Kf5 45. g4+ Kf4 46. g5 Be2 47. g6 Kf5 48. g7 Bc4 49. Kh5 Bf7+ 50. Kh6 Bg8 51. Be3 Kf6 52. Bg5+ Kf5 53. Bd8 Ke5 54. Kg6 Kd6 55. Kf6 Kd7 56. Bb6 Bc4 57. Bd4 Bg8 58. Kf5 Kd6 59. Be5+ Kc6 60. Ke4 Kc5 61. Bd4+ Kd6 62. Kd3 Bh7+ 63. Kc4 Kc6 64. Bc5 Bg8+ 65. Kd4 Kb5 66. Bb4 Bf7 67. Ke5 Kc6 68. Kf6 Bg8 69. Ke7 Bc4 70. Kf8 Kd7 71. g8Q Bxg8 72. Kxg8 Ke8 73. c4 Kd7 74. Kf7 Kd8 75. Ke6 Kc7 76. Kd5 1-0

[Event "Montevideo Duchamp Cup 6th"]
[Site "Montevideo"]
[Date "2023.02.04"]
[Round "2"]
[White "Robalez, Cesar"]
[Black "Jasper, Nicolas"]
[Result "0-1"]
[WhiteElo "1577"]
[BlackElo "1776"]
[PlyCount "80"]
[EventDate "2023.02.03"]
[EventType "swiss"]
[EventRounds "9"]
[EventCountry "URU"]
[SourceTitle "CBM 212 Extra"]
[Source "ChessBase"]
[SourceDate "2023.03.31"]
[SourceVersion "1"]
[SourceVersionDate "2023.03.31"]
[SourceQuality "1"]

1. d4 d5 2. c4 c6 3. Nc3 Nf6 4. Nf3 dxc4 5. a4 Bf5 6. e3 e6 7. Bxc4 Bb4 8. Qb3 a5 9. 0-0 Qc7 10. h3 h6 11. Ne5 0-0 12. f4 Nbd7 13. g4 Bh7 14. Bxe6 fxe6 15. Qxe6+ Kh8 16. Nf7+ Rxf7 17. Qxf7 c5 18. Na2 Bg8 19. Qg6 Bxa2 20. Rxa2 cxd4 21. exd4 Qc4 22. b3 Qxd4+ 23. Raf2 Bc5 24. Kh2 Qxf2+ 25. Rxf2 Bxf2 26. g5 hxg5 27. fxg5 Rf8 28. gxf6 Nxf6 29. Bb2 b6 30. Ba3 Re8 31. Qg2 Re2 32. Qf3 Ra2 33. Be7 Bc5+ 34. Kg3 Bxe7 35. Qa8+ Kh7 36. Qc6 Bc5 37. Qf3 Rf2 38. Qd3+ Kh6 39. Qc4 Rf5 40. Qc2 Nh5+ 0-1

[Event "Buenos Aires Torre Blanca U2400 op"]
[Site "Buenos Aires"]
[Date "2023.01.08"]
[Round "6"]
[White "Jasper, Nicolas"]
[Black "Ramis, Jorge Luis"]
[Result "1-0"]
[WhiteElo "1741"]
[BlackElo "1924"]
[PlyCount "73"]
[EventDate "2023.01.06"]
[EventType "swiss"]
[EventRounds "6"]
[EventCountry "ARG"]
[SourceTitle "CBM 212 Extra"]
[Source "ChessBase"]
[SourceDate "2023.03.31"]
[SourceVersion "1"]
[SourceVersionDate "2023.03.31"]
[SourceQuality "1"]

1. c4 Nf6 2. g3 g6 3. Bg2 Bg7 4. d4 0-0 5. Nc3 d6 6. e3 c6 7. Nf3 Qa5 8. 0-0 Qh5 9. Nd2 Qxd1 10. Rxd1 e5 11. Nde4 Ne8 12. dxe5 dxe5 13. b3 f5 14. Ba3 fxe4 15. Bxf8 Kxf8 16. Nxe4 Ke7 17. Rd2 Bf5 18. Rad1 Bxe4 19. Bxe4 Nf6 20. Bg2 Na6 21. Bh3 Nc5 22. f3 a5 23. Kf1 Bh6 24. Ke2 b5 25. cxb5 Nd5 26. Rxd5 cxd5 27. Rxd5 Nxb3 28. axb3 Bg7 29. Rd7+ Kf6 30. b6 Rb8 31. b7 h5 32. Rd6+ Kf7 33. Bc8 Bf8 34. Rd5 Kf6 35. Rxa5 Bd6 36. Ra6 Ke7 37. Kd3 1-0